Estadísticas para Comunas de Chile en un Mapa

Haz click aquí para tomar la prueba!

Estadísticas generales

  • Esta prueba ha sido tomada 158 veces
  • La puntuación promedio es 100 de 346

Respuestas en el mapa

Las respuestas están codificadas por una escala verde-roja en el mapa de la prueba según el % correcto abajo.
Cargando...
 

Estadísticas de respuestas

RegiónProvinciaComuna% Correcto
Metropolitana de SantiagoSantiagoSantiago
83%
Arica y ParinacotaAricaArica
80%
TarapacáIquiqueIquique
74%
ValparaísoValparaísoValparaíso
74%
ValparaísoValparaísoViña del Mar
74%
CoquimboElquiLa Serena
69%
Metropolitana de SantiagoMelipillaSan Pedro
69%
AntofagastaAntofagastaAntofagasta
66%
Metropolitana de SantiagoSantiagoLas Condes
63%
Metropolitana de SantiagoSantiagoLo Barnechea
63%
Metropolitana de SantiagoSantiagoMaipú
63%
Bío-BíoConcepciónConcepción
60%
CoquimboElquiCoquimbo
60%
Metropolitana de SantiagoSantiagoEstación Central
60%
Magallanes y Antártica ChilenaMagallanesPunta Arenas
60%
ValparaísoSan AntonioSan Antonio
60%
Metropolitana de SantiagoSantiagoVitacura
60%
Metropolitana de SantiagoSantiagoHuechuraba
57%
ValparaísoIsla de PascuaIsla de Pascua
57%
Metropolitana de SantiagoSantiagoLa Florida
57%
Metropolitana de SantiagoSantiagoLo Espejo
57%
ValparaísoLos AndesLos Andes
57%
Metropolitana de SantiagoSantiagoProvidencia
57%
Metropolitana de SantiagoSantiagoPudahuel
57%
Metropolitana de SantiagoCordilleraPuente Alto
57%
Los LagosLlanquihuePuerto Montt
57%
Metropolitana de SantiagoSantiagoSan Miguel
57%
Magallanes y Antártica ChilenaAntártica ChilenaAntártica
54%
Metropolitana de SantiagoChacabucoColina
54%
AtacamaCopiapóCopiapó
54%
Metropolitana de SantiagoSantiagoLa Pintana
54%
Metropolitana de SantiagoSantiagoÑuñoa
54%
Metropolitana de SantiagoSantiagoQuinta Normal
54%
Libertador Bernardo O'HigginsCachapoalRancagua
54%
Metropolitana de SantiagoMaipoSan Bernardo
54%
Los RíosValdiviaValdivia
54%
AntofagastaEl LoaCalama
51%
Metropolitana de SantiagoSantiagoLa Granja
51%
Metropolitana de SantiagoSantiagoLa Reina
51%
Metropolitana de SantiagoSantiagoMacul
51%
Metropolitana de SantiagoSantiagoRecoleta
51%
Metropolitana de SantiagoSantiagoRenca
51%
Metropolitana de SantiagoSantiagoSan Joaquín
51%
La AraucaníaCautínTemuco
51%
ÑubleDiguillínChillán
49%
Metropolitana de SantiagoSantiagoIndependencia
49%
ValparaísoValparaísoJuan Fernández
49%
Metropolitana de SantiagoSantiagoLo Prado
49%
Metropolitana de SantiagoSantiagoPedro Aguirre Cerda
49%
Arica y ParinacotaParinacotaPutre
49%
ValparaísoQuillotaQuillota
49%
ValparaísoSan FelipeSan Felipe
49%
MauleTalcaTalca
49%
TarapacáTamarugalTocopilla
49%
AntofagastaTocopillaTocopilla
49%
TarapacáIquiqueAlto Hospicio
46%
Metropolitana de SantiagoMaipoBuin
46%
Metropolitana de SantiagoSantiagoConchalí
46%
Metropolitana de SantiagoSantiagoEl Bosque
46%
CoquimboChoapaLos Vilos
46%
Metropolitana de SantiagoMelipillaMelipilla
46%
Metropolitana de SantiagoTalagantePadre Hurtado
46%
Metropolitana de SantiagoSantiagoPeñalolén
46%
La AraucaníaCautínPucón
46%
Los LagosLlanquihuePuerto Varas
46%
Metropolitana de SantiagoCordilleraSan José de Maipo
46%
ValparaísoPetorcaZapallar
46%
ValparaísoSan AntonioAlgarrobo
43%
Los LagosChiloeCastro
43%
Metropolitana de SantiagoSantiagoCerrillos
43%
AtacamaChañaralChañaral
43%
Metropolitana de SantiagoSantiagoLa Cisterna
43%
ValparaísoMarga MargaLimache
43%
Los LagosOsornoOsorno
43%
Metropolitana de SantiagoMaipoPaine
43%
ValparaísoPetorcaPapudo
43%
Metropolitana de SantiagoCordilleraPirque
43%
Metropolitana de SantiagoSantiagoQuilicura
43%
ValparaísoValparaísoQuintero
43%
AntofagastaEl LoaSan Pedro de Atacama
43%
Metropolitana de SantiagoSantiagoSan Ramón
43%
Metropolitana de SantiagoTalaganteTalagante
43%
AtacamaHuascoVallenar
43%
CoquimboElquiVicuña
43%
La AraucaníaCautínVillarrica
43%
Los LagosChiloeAncud
40%
Arica y ParinacotaAricaCamarones
40%
Metropolitana de SantiagoSantiagoCerro Navia
40%
ÑubleDiguillínChillán Viejo
40%
ValparaísoSan AntonioEl Quisco
40%
ValparaísoSan AntonioEl Tabo
40%
Metropolitana de SantiagoChacabucoLampa
40%
Bío-BíoBío-BíoLos Angeles
40%
CoquimboLimaríOvalle
40%
ValparaísoSan AntonioSanto Domingo
40%
Metropolitana de SantiagoChacabucoTiltil
40%
ValparaísoMarga MargaVilla Alemana
40%
Aysén del General Ibañez del CampoAysénAysén
37%
ValparaísoQuillotaCalera
37%
TarapacáTamarugalColchane
37%
ValparaísoValparaísoConcón
37%
AtacamaHuascoHuasco
37%
AntofagastaAntofagastaMejillones
37%
ValparaísoMarga MargaQuilpué
37%
ValparaísoSan FelipeSanta María
37%
Libertador Bernardo O'HigginsCachapoalSan Vicente
37%
AtacamaCopiapóTierra Amarilla
37%
ValparaísoLos AndesCalle Larga
34%
ValparaísoSan AntonioCartagena
34%
MauleTalcaConstitución
34%
Aysén del General Ibañez del CampoCoyhaiqueCoyhaique
34%
AtacamaChañaralDiego de Almagro
34%
Los LagosLlanquihueFrutillar
34%
ValparaísoPetorcaLa Ligua
34%
Los LagosLlanquihueLlanquihue
34%
ValparaísoPetorcaPetorca
34%
Libertador Bernardo O'HigginsCardenal CaroPichilemu
34%
Libertador Bernardo O'HigginsCachapoalRengo
34%
Libertador Bernardo O'HigginsColchaguaSan Fernando
34%
Metropolitana de SantiagoMaipoCalera de Tango
31%
ValparaísoValparaísoCasablanca
31%
Arica y ParinacotaParinacotaGeneral Lagos
31%
Metropolitana de SantiagoTalaganteIsla de Maipo
31%
Los RíosRancoLa Unión
31%
MauleLinaresLinares
31%
Bío-BíoConcepciónLota
31%
Libertador Bernardo O'HigginsCardenal CaroNavidad
31%
ValparaísoMarga MargaOlmué
31%
La AraucaníaCautínPadre Las Casas
31%
Metropolitana de SantiagoTalagantePeñaflor
31%
TarapacáTamarugalPica
31%
Bío-BíoConcepciónTalcahuano
31%
Bío-BíoAraucoArauco
29%
AtacamaCopiapóCaldera
29%
Metropolitana de SantiagoMelipillaCuracaví
29%
MauleCuricóCuricó
29%
Los LagosChiloeDalcahue
29%
Metropolitana de SantiagoTalaganteEl Monte
29%
TarapacáTamarugalHuara
29%
CoquimboChoapaIllapel
29%
ValparaísoQuillotaLa Cruz
29%
Libertador Bernardo O'HigginsCachapoalMachalí
29%
AntofagastaTocopillaMaría Elena
29%
ValparaísoValparaísoPuchuncaví
29%
Los LagosChiloeQuellón
29%
CoquimboChoapaSalamanca
29%
AntofagastaAntofagastaTaltal
29%
Bío-BíoConcepciónTomé
29%
TarapacáTamarugalCamiña
26%
Aysén del General Ibañez del CampoGeneral CarreraChile Chico
26%
Libertador Bernardo O'HigginsColchaguaChimbarongo
26%
Los LagosLlanquihueCochamó
26%
Aysén del General Ibañez del CampoCapitán PratCochrane
26%
Bío-BíoConcepciónCoronel
26%
AtacamaHuascoFreirina
26%
ValparaísoQuillotaHijuelas
26%
Bío-BíoBío-BíoLaja
26%
Libertador Bernardo O'HigginsCachapoalLas Cabras
26%
La AraucaníaCautínLautaro
26%
Metropolitana de SantiagoMelipillaMaría Pinto
26%
Libertador Bernardo O'HigginsCachapoalMostazal
26%
ValparaísoQuillotaNogales
26%
AntofagastaEl LoaOllagüe
26%
MauleLinaresParral
26%
Los LagosOsornoPuerto Octay
26%
Bío-BíoConcepciónSan Pedro de la Paz
26%
ÑubleDiguillínYungay
26%
Metropolitana de SantiagoMelipillaAlhué
23%
AtacamaHuascoAlto del Carmen
23%
CoquimboElquiAndacollo
23%
La AraucaníaMallecoAngol
23%
ValparaísoPetorcaCabildo
23%
Magallanes y Antártica ChilenaAntártica ChilenaCabo de Hornos
23%
Bío-BíoConcepciónChiguayante
23%
Libertador Bernardo O'HigginsCachapoalCodegua
23%
La AraucaníaMallecoCuracautín
23%
Libertador Bernardo O'HigginsCachapoalGraneros
23%
MauleTalcaMaule
23%
CoquimboLimaríMonte Patria
23%
Aysén del General Ibañez del CampoCapitán PratO'Higgins
23%
Libertador Bernardo O'HigginsCachapoalPeumo
23%
ValparaísoSan FelipePutaendo
23%
Libertador Bernardo O'HigginsCachapoalRequínoa
23%
ValparaísoLos AndesRinconada
23%
Los LagosOsornoRío Negro
23%
ÑublePunillaSan Carlos
23%
ValparaísoLos AndesSan Esteban
23%
Libertador Bernardo O'HigginsColchaguaSanta Cruz
23%
AntofagastaAntofagastaSierra Gorda
23%
La AraucaníaMallecoVictoria
23%
Bío-BíoBío-BíoCabrero
20%
CoquimboChoapaCanela
20%
Bío-BíoAraucoCañete
20%
Los LagosPalenaChaitén
20%
Los LagosChiloeChonchi
20%
ÑubleItataCobquecura
20%
MauleLinaresColbún
20%
CoquimboLimaríCombarbalá
20%
La AraucaníaCautínCurarrehue
20%
Libertador Bernardo O'HigginsCachapoalDoñihue
20%
Bío-BíoConcepciónFlorida
20%
Los RíosRancoFutrono
20%
Bío-BíoConcepciónHualpén
20%
Los RíosRancoLago Ranco
20%
CoquimboElquiLa Higuera
20%
Bío-BíoAraucoLebu
20%
La AraucaníaMallecoLonquimay
20%
La AraucaníaMallecoLumaco
20%
Libertador Bernardo O'HigginsCachapoalMalloa
20%
Libertador Bernardo O'HigginsColchaguaNancagua
20%
Magallanes y Antártica ChilenaUltima EsperanzaNatales
20%
CoquimboElquiPaihuano
20%
Libertador Bernardo O'HigginsColchaguaPalmilla
20%
Los RíosValdiviaPanguipulli
20%
ValparaísoSan FelipePanquehue
20%
Bío-BíoConcepciónPenco
20%
Libertador Bernardo O'HigginsCachapoalQuinta de Tilcoco
20%
Los RíosRancoRío Bueno
20%
CoquimboLimaríRío Hurtado
20%
MauleTalcaSan Clemente
20%
MauleLinaresSan Javier
20%
MauleTalcaSan Rafael
20%
Bío-BíoBío-BíoSan Rosendo
20%
Bío-BíoConcepciónSanta Juana
20%
MauleCuricóTeno
20%
Bío-BíoAraucoTirúa
20%
La AraucaníaCautínToltén
20%
MauleLinaresYerbas Buenas
20%
Bío-BíoBío-BíoYumbel
20%
Bío-BíoBío-BíoAlto Biobío
17%
Bío-BíoBío-BíoAntuco
17%
ÑubleDiguillínBulnes
17%
ValparaísoSan FelipeCatemu
17%
MauleCauquenesCauquenes
17%
Libertador Bernardo O'HigginsColchaguaChépica
17%
ÑublePunillaCoihueco
17%
Libertador Bernardo O'HigginsCachapoalColtauco
17%
Los LagosChiloeCuraco de Vélez
17%
Bío-BíoAraucoCuranilahue
17%
La AraucaníaMallecoErcilla
17%
La AraucaníaCautínGalvarino
17%
Bío-BíoConcepciónHualqui
17%
Libertador Bernardo O'HigginsCardenal CaroLa Estrella
17%
Los RíosValdiviaLanco
17%
ValparaísoSan FelipeLlaillay
17%
Libertador Bernardo O'HigginsColchaguaLolol
17%
Los RíosValdiviaLos Lagos
17%
MauleCuricóMolina
17%
Bío-BíoBío-BíoNacimiento
17%
La AraucaníaCautínNueva Imperial
17%
Libertador Bernardo O'HigginsCachapoalOlivar
17%
Los LagosPalenaPalena
17%
Libertador Bernardo O'HigginsColchaguaPeralillo
17%
Libertador Bernardo O'HigginsCachapoalPichidegua
17%
Magallanes y Antártica ChilenaTierra del FuegoPorvenir
17%
Libertador Bernardo O'HigginsColchaguaPumanque
17%
CoquimboLimaríPunitaqui
17%
Los LagosOsornoPurranque
17%
Aysén del General Ibañez del CampoGeneral CarreraRío Ibáñez
17%
ÑublePunillaSan Nicolás
17%
Los LagosOsornoSan Pablo
17%
Bío-BíoBío-BíoSanta Bárbara
17%
Aysén del General Ibañez del CampoCapitán PratTortel
17%
La AraucaníaMallecoTraiguén
17%
MauleCuricóVichuquén
17%
Los LagosLlanquihueCalbuco
14%
La AraucaníaCautínCarahue
14%
MauleCauquenesChanco
14%
Aysén del General Ibañez del CampoAysénCisnes
14%
ÑubleItataCoelemu
14%
Libertador Bernardo O'HigginsCachapoalCoinco
14%
Los RíosValdiviaCorral
14%
Los LagosPalenaFutaleufú
14%
Aysén del General Ibañez del CampoCoyhaiqueLago Verde
14%
Libertador Bernardo O'HigginsCardenal CaroLitueche
14%
La AraucaníaCautínLoncoche
14%
MauleLinaresLongaví
14%
Los LagosLlanquihueLos Muermos
14%
Los RíosValdiviaMariquina
14%
La AraucaníaCautínMelipeuco
14%
Bío-BíoBío-BíoMulchén
14%
MauleCauquenesPelluhue
14%
ÑubleDiguillínPinto
14%
La AraucaníaCautínPitrufquén
14%
Libertador Bernardo O'HigginsColchaguaPlacilla
14%
Magallanes y Antártica ChilenaTierra del FuegoPrimavera
14%
Los LagosOsornoPuyehue
14%
Los LagosChiloeQuemchi
14%
ÑubleDiguillínQuillón
14%
MauleLinaresRetiro
14%
Magallanes y Antártica ChilenaMagallanesRío Verde
14%
La AraucaníaCautínSaavedra
14%
MauleCuricóSagrada Familia
14%
Magallanes y Antártica ChilenaMagallanesSan Gregorio
14%
La AraucaníaCautínTeodoro Schmidt
14%
Magallanes y Antártica ChilenaTierra del FuegoTimaukel
14%
Magallanes y Antártica ChilenaUltima EsperanzaTorres del Paine
14%
La AraucaníaCautínVilcún
14%
La AraucaníaMallecoCollipulli
11%
Bío-BíoAraucoContulmo
11%
La AraucaníaCautínCunco
11%
MauleTalcaCurepto
11%
ÑubleDiguillínEl Carmen
11%
MauleTalcaEmpedrado
11%
La AraucaníaCautínFreire
11%
Los LagosLlanquihueFresia
11%
La AraucaníaCautínGorbea
11%
Magallanes y Antártica ChilenaMagallanesLaguna Blanca
11%
Bío-BíoAraucoLos Alamos
11%
Bío-BíoBío-BíoNegrete
11%
ÑubleItataNinhue
11%
ÑublePunillaÑiquén
11%
Los RíosValdiviaPaillaco
11%
Libertador Bernardo O'HigginsCardenal CaroParedones
11%
MauleTalcaPelarco
11%
ÑubleDiguillínPemuco
11%
ÑubleItataPortezuelo
11%
Los LagosChiloeQuinchao
11%
MauleCuricóRauco
11%
La AraucaníaMallecoRenaico
11%
MauleTalcaRío Claro
11%
MauleCuricóRomeral
11%
ÑublePunillaSan Fabián
11%
ÑubleDiguillínSan Ignacio
11%
Los LagosOsornoSan Juan de la Costa
11%
Bío-BíoBío-BíoTucapel
11%
MauleLinaresVilla Alegre
11%
La AraucaníaCautínCholchol
9%
Aysén del General Ibañez del CampoAysénGuaitecas
9%
Los LagosPalenaHualaihué
9%
MauleCuricóHualañé
9%
MauleCuricóLicantén
9%
La AraucaníaMallecoLos Sauces
9%
Los RíosValdiviaMáfil
9%
Libertador Bernardo O'HigginsCardenal CaroMarchigüe
9%
Los LagosLlanquihueMaullín
9%
MauleTalcaPencahue
9%
La AraucaníaCautínPerquenco
9%
Los LagosChiloePuqueldón
9%
La AraucaníaMallecoPurén
9%
Los LagosChiloeQueilén
9%
Bío-BíoBío-BíoQuilaco
9%
Bío-BíoBío-BíoQuilleco
9%
ÑubleItataQuirihue
9%
ÑubleItataRanquil
9%
ÑubleItataTreguaco
9%

Distribución de puntuación

Porcentaje por número respondido

Porcentaje de gente con cada puntuación

Historial de tus puntuaciones

No has tomado esta prueba